| 000 | 00597nam a22001697a 4500 | ||
|---|---|---|---|
| 003 | NUST | ||
| 082 | _a621.382,ALI | ||
| 100 |
_aAli, Ahsan _916870 |
||
| 245 |
_aHand gesture based wireless robotic ARM / _cAhsan Ali, Altaf Wasif and Mirza Usman ul Haque (TE-49) |
||
| 260 |
_aRawalpindi _bMCS (NUST) _cJune 2016 |
||
| 300 | _avi,30 p.; | ||
| 505 | _aIntroduction (Page-8), Background (Page-11), Design (Page-20), Future Work (Page-27), Bibliography (Page-28). | ||
| 650 |
_aUG Project _9131132 |
||
| 651 |
_aTE-49 _9131595 |
||
| 700 |
_aSupervised by Dr. Baber Aslam _9132769 |
||
| 942 |
_2ddc _cPR |
||
| 999 |
_c615820 _d615820 |
||